LEADER 01010nam a2200229 4500 001 000000364073 003 CaOOAMICUS 005 20250828145051.0 008 250828s1809 it 000 u ita r 026 $ai.e- '.to i,ti PoNo (7) 1809 (R) 040 $aSeMil$bita 245 10$aVol. 6. 264 1$aItalia ; [poi] Piacenza :$bdai torchj del Majno,$c1809. 300 $a174, [2] p. ;$c16° 500 $aSegn.: [1]? 2-11/? 505 0 $aContiene : Bruto Secondo Tragedia, Alceste Tragedia, Schiarimento dell'Autore sull'Alceste 773 0 $aAlfieri, Vittorio <1749-1803>$tTeatro tragico originale di Vittorio Alfieri da Asti. Vol. 1.[-6.].$dItalia ; [poi] Piacenza : dai torchj del Majno, 1809.$g6$w()364067 850 $aSeMil 852 $aSeMil$W1$xVenegono$y1$m1W III 6 FA$j261069$B254946$CSeMilBibl$Z2$F254946 $8I 996 $6245$aVol. 6$9(OLS)http://semarc/title/108698 996 $6264$aItalia ; [poi] Piacenza :$bdai torchj del Majno$9(OLS)http://semarc/publisher/62520 LEADER 01416nam a2200289 4500 001 000000354388 003 CaOOAMICUS 005 20230623100212.0 008 230623s1903 it 000 u ita r 040 $aSeMil$bita 100 1 $aSemeria, Giovanni,$c.$0(OLS)http://semarc/name/4219 245 14$aGli inni della Chiesa /$cGiovanni Semeria. 264 1$aMilano :$bBertarelli & C.,$cimpr. 1903. 300 $av. ;$c21 cm 500 $aContiene: 7 voll. rilegati insieme 650 4$aInni cristiani.$0(OLS)http://semarc/subject/46801 774 0 $t1: Sviluppo storico dell'innologia cristiana.$dMilano : Bertarelli & C., 1903.$w()354390 774 0 $t2: L'inno del Natale.$dMilano : Bertarelli & C., 1903.$w()354391 774 0 $t3: L'inno della fede.$dMilano : Bertarelli & C., 1903.$w()354392 774 0 $t4: Gli inni della Eucarestia.$dMilano : Bertarelli & C., 1903.$w()354393 774 0 $t5: L'inno della pietà.$dMilano : Bertarelli & C., 1903.$w()354394 774 0 $t6: Gli inni dello Spirito.$dMilano : Bertarelli & C., 1903.$w()354395 774 0 $t7: L'inno del timore.$dMilano : Bertarelli & C., 1903.$w()354396 774 0 $t8: L'inno della Croce.$dMilano : Bertarelli & C., 1903.$w()354398 996 $6245$aGli inni della Chiesa$9(OLS)http://semarc/title/444526 996 $6264$aMilano :$bBertarelli & C.$9(OLS)http://semarc/publisher/41456